000 00633cab a2200205 4500
001 ABS43568
008 090401t1990 xxu||||| |||| 00| 0 eng d
035 _a(Sirsi) u42381
041 _aeng
245 _aStarting your own business
260 _c1990
350 _a0
490 _aEstates Gazette
_v(9039) 29 September 1990, 75-76(2)
520 _aMainly for Students article giving advice on how to set up a general practice surveying company.
650 _aABOUT RICS-RICS MEMBERS
650 _aPRACTICE MANAGEMENT
690 _aMANAGEMENT-BUSINESS MANAGEMENT-PROFESSIONAL PRACTICE
942 _n0
948 _c04/03/1997
999 _c27178
_d27178